000 00709nam a2200229 a 4500
001 BRL_1355
005 20190320211150.0
008 080114s1952----nyua######---#000-0#eng-#
020 _a0517143208
041 _aeng
044 _anyu
050 4 _aGT513
_b.G67 1952
100 1 _aGorsline, Douglas
_d1913-1985
_926624
245 1 0 _aWhat people wore
_ba visual history of dress from ancient times to twentieth-century America
_cwritten and illustrated by Douglas Gorsline.
260 _aNew York
_bBonanza Books
_c1952
300 _axiii, 269 p.
_bil.
_c31 cm.
500 _aAu1548
504 _aBibliografía: 249 - 257
650 1 4 _aPrendas de vestir
_xHistoria
_91982
902 _aGRL
942 _2lcc
_cB
999 _c10167
_d10167